000 00744na a2200241 4500
001 18522
003 MIRAKIL
005 20181213154941.0
008 161121b tu 000 0
020 _a9757741329
035 _a18522
040 _aMilas
_btur
_cTR-AnCHP
041 _atur
082 _a352.9561
_bY36 1993
090 _a352.9561 Y36 1993
245 _aYerel yönetim ve ahlak
_chazırlayan Adalet Bayramoğlu Alada
260 _aAnkara
_bT.C. Başbakanlık Toplu Konut İdaresi Başkanlığı
_c1993
300 _a110 s.
_c24 sm.
490 _aYerel Yönetimin Geliştirilmesi Programı El Kitapları Dizisi
_v10
650 _aYerel yönetimler
_xAhlak
_zTürkiye
700 _aAlada, Adalet Bayramoğlu
942 _2ddc
_cBKS
999 _c3718
_d3718